00877 a2200169 45000010006000000050017000060080041000230030015000640400040000790800068001192450062001872640034002493000019002835050358003021000018006607000029006783216420260407155622.0260407a1968 arg spa dAR-UNSa-BCEJYS aAR-UNSa-BCEJYSbspacAR-UNSa-BCEJYS a519.87xModelos matemáticos para la investigación operativa10aIntroducción al análisis cuantitativo de los negocios 1aNew York :bMcGraw-Hillc1968 a255 p.c23 cm. a1. Introducción - 2. Probabilidad y valor esperado - 3. Utilidad en la toma de decisiones - 4. El valor de la información adicional - 5. Decisiones bajo incertidumbre - 6. Programamción lineal - 7. Programación entera - 8. El problema del transporte - 9. Teoria de stocks - 10. Teorias de colas - 11. Teoria de juegos - 12. Conclusiones finales.1 aHorowitz, Ira1 aArnaiz Vellando, Gonzalo